000 00308nam a22001337a 4500
008 170502b xxu||||| |||| 00| 0 eng d
020 _a9780130933126
041 _aeng
080 _22ND
_a342
100 _a13
101 _aSHJ
245 _aCOMMUNITY AND AGENCY COUNSELING
_cGLADDING S.T
942 _2udc
_cBK
999 _c12329
_d12329